Score 0/15 Timer 06:00
3 Plays Today
% Correct
Harry Potter and the Sorcerer's Stone
99.1%
Lord of the Flies
86.1%
The Hobbit
85.6%
A Christmas Carol
84.8%
Charlotte's Web
84.3%
The Hunger Games
81.6%
Twilight
80.4%
Animal Farm
67.7%
% Correct
The Great Gatsby
67%
Fahrenheit 451
55.3%
Percy Jackson & the Olympians: The Lightning Thief
52%
A Game of Thrones
51.7%
Green Eggs and Ham
38.8%
Ender's Game
35.8%
The Odyssey
30.6%
Remove Ads.
Support Sporcle.
Get the best of Sporcle when you Go Orange. This ad-free experience offers more features, more stats, and more fun while also helping to support Sporcle. Thank you for becoming a member.

You're not logged in!

Compare scores with friends on all Sporcle quizzes.
OR
Log In

Show Comments

Extras

Top Quizzes Today


Score Distribution

Your Account Isn't Verified!

In order to create a playlist on Sporcle, you need to verify the email address you used during registration. Go to your Sporcle Settings to finish the process.

Report this User

Report this user for behavior that violates our Community Guidelines.

Details: